000 00567nam a2200205Ia 4500
003 0100
008 130303s9999 xx 000 0 und d
040 _cARRUPELIB
050 _aHC254.5.M33 1961
100 _aMantoux, Paul Joseph
245 4 _aThe industrial revolution in the eighteenth century
245 _ban outline of the beginnings of the modern factory system in England
250 _arev. , with pref. by T.S. Ashton
260 _aNY
260 _bMacmillan
260 _C1961
300 _a528p
700 _atr. by Marjorie Vernon
942 0 0 _03
999 _c45467
_d45467